000 02838nam0a2200409 4500
001 RU\NLR\bibl\1816355
005 20260409000137.0
010 _a978-5-86793-903-8
_91000
021 _aRU
_b2011-68623
_94844
035 _a(NLR Aleph) 001806935
090 _a1817062
_c1817062
100 _a20110930d2011 |||y0rusy50 ca
101 0 _arus
_deng
102 _aRU
105 _aa |||||||||
200 1 _aРусский Бертольдо
_eсудьба итальянского комического романа в России XVIII века: рукописи, издания, читатели
_fГ.А. Космолинская
_gНауч. центр исслед. истории кн. культуры при Академиздате "Наука" РАН, Науч. б-ка МГУ им. М.В. Ломоносова
210 _aМосква
_cНовое литературное обозрение
_d2011
215 _a294 с.
_cил.
_d22
225 1 _aНаучная библиотека
225 1 _aНовое литературное обозрение
_iНаучное приложение
_vвып. 190
300 _aРез. на англ. яз.
320 _aБиблиогр.: с. 272-278
320 _aИмен. указ.: с. 283-291
327 1 _aКн. посвящена судьбе романа "Хитроумные проделки Бертольдо" Джулиана Чезаре Кроче. В кн. также: Хитрости Бертолдовы: текст: русский перевод 1740-х годов (рукопись Библиотеки МГУ)
464 0 _12001#$aХитрости Бертолдовы$eтекст$eрусский перевод 1740-х годов (рукопись Библиотеки МГУ)
_tХитрости Бертолдовы
500 _aБертольдо
_3RU\NLR\auth\5510806
_92632806
604 _1700#1$aКроче$bД. Ч.$gДжулио Чезаро$f1550 - 1609
_150010$a"Хитроумные проделки Бертольдо"$xПереводы на русский язык$2nlr_sh2$3RU\NLR\AUTH\661563384
_aКроче, Джулио Чезаро (1550 - 1609)
_t"Хитроумные проделки Бертольдо"
_xПереводы на русский язык
_92626824
_3RU\NLR\AUTH\661563384
606 1 _aРусская литература
_xСвязи
_xИтальянская литература
_z18 в.
_92626836
_3RU\NLR\auth\661563396
686 _aШ5(2=Р)4-318.3
686 _aШ5(4Ит)43-4Кроче418.37
700 1 _aКосмолинская
_bГ. А.
_gГалина Александровна
_4070
702 1 _4570
_8rus
_7ca
_aКроче
_bД. Ч.
_f1550-1609
_gДжулио Чезаре
_3RU\NLR\auth\77104033
_986958
801 0 _aRU
_bNLR
_c20110930
_gRCR
801 1 _aRU
_bNLR
_c20110930
942 _cBOOK
980 _aNB
980 _aNBR